00551nam a22001697a 450000500170000001000130001702000260003003500130005603700240006908200060009310000190009924501080011826000410022627000610026730000330032870000200036120111117163541.0 aB-444694 a9780752866055c430.00 aB-444694 aBlue Berry/VenbDPL00aS1 aGoscinny, Rene10aAsterix the Gaul;ctext by Goscinny, drawings by Uderzo, translated by Anthea Bell and Derek Hockridge. c2004aLondonbOrion Publishing Group aOrion House,5 Upper Saint Martin's LanebLondonewc2H9EA a48 p. of col. illus.c30 cm.1 aUderzo,eillus.